<?xml version="1.0" encoding="UTF-8"?>
<record
    xmlns:xsi="http://www.w3.org/2001/XMLSchema-instance"
    xsi:schemaLocation="http://www.loc.gov/MARC21/slim http://www.loc.gov/standards/marcxml/schema/MARC21slim.xsd"
    xmlns="http://www.loc.gov/MARC21/slim">

  <leader>00894nam a2200229 i 4500</leader>
  <controlfield tag="001">185243</controlfield>
  <controlfield tag="003">SpMaBN</controlfield>
  <controlfield tag="005">20231129140051.0</controlfield>
  <controlfield tag="008">160425r20071947sp a     f   |||| | spa d</controlfield>
  <datafield tag="020" ind1=" " ind2=" ">
    <subfield code="a">978-84-473-5187-9</subfield>
  </datafield>
  <datafield tag="080" ind1=" " ind2=" ">
    <subfield code="a">811.134.2'36(07)</subfield>
  </datafield>
  <datafield tag="245" ind1="0" ind2="0">
    <subfield code="a">Gram&#xE1;tica espa&#xF1;ola </subfield>
    <subfield code="b">: segundo grado / </subfield>
    <subfield code="c">por Edelvives.</subfield>
  </datafield>
  <datafield tag="260" ind1=" " ind2=" ">
    <subfield code="a">[Barcelona : </subfield>
    <subfield code="b">RBA Coleccionables, </subfield>
    <subfield code="c">2007]</subfield>
  </datafield>
  <datafield tag="300" ind1=" " ind2=" ">
    <subfield code="a">216 p. : </subfield>
    <subfield code="b">il. col. ; </subfield>
    <subfield code="c">21 cm.</subfield>
  </datafield>
  <datafield tag="490" ind1="1" ind2=" ">
    <subfield code="a">Colecci&#xF3;n de textos escolares. III, Lengua espa&#xF1;ola ; </subfield>
    <subfield code="v">3</subfield>
  </datafield>
  <datafield tag="534" ind1=" " ind2=" ">
    <subfield code="p">Reprod. de la ed. de: </subfield>
    <subfield code="c">Zaragoza: Luis Vives, 1947 (</subfield>
    <subfield code="f">Colecci&#xF3;n de textos escolares. III, Lengua espa&#xF1;ola; 3)</subfield>
  </datafield>
  <datafield tag="710" ind1="2" ind2=" ">
    <subfield code="a">Editorial Luis Vives.</subfield>
    <subfield code="9">3445</subfield>
  </datafield>
  <datafield tag="830" ind1="0" ind2=" ">
    <subfield code="a">Colecci&#xF3;n de textos escolares. III, Lengua espa&#xF1;ola ; </subfield>
    <subfield code="v">3</subfield>
    <subfield code="9">225178</subfield>
  </datafield>
  <datafield tag="852" ind1=" " ind2=" ">
    <subfield code="a">ES-MaACL</subfield>
    <subfield code="j">A-13715</subfield>
    <subfield code="z">enc. cart.</subfield>
    <subfield code="9"> 192263</subfield>
    <subfield code="b">R.150367</subfield>
    <subfield code="c">DEPO1</subfield>
    <subfield code="d">Olim: N-6715 </subfield>
  </datafield>
  <datafield tag="942" ind1=" " ind2=" ">
    <subfield code="2">udc</subfield>
  </datafield>
  <datafield tag="999" ind1=" " ind2=" ">
    <subfield code="c">185243</subfield>
    <subfield code="d">185243</subfield>
  </datafield>
  <datafield tag="952" ind1=" " ind2=" ">
    <subfield code="0">0</subfield>
    <subfield code="1">0</subfield>
    <subfield code="2">udc</subfield>
    <subfield code="4">0</subfield>
    <subfield code="7">0</subfield>
    <subfield code="a">ATENEOM</subfield>
    <subfield code="b">ATENEOM</subfield>
    <subfield code="c">DEPO1</subfield>
    <subfield code="d">2016-04-25</subfield>
    <subfield code="e">DONACION</subfield>
    <subfield code="l">0</subfield>
    <subfield code="o">A-13715</subfield>
    <subfield code="p">1195157</subfield>
    <subfield code="r">2023-02-23 00:00:00</subfield>
    <subfield code="w">2023-02-23</subfield>
    <subfield code="y">MONOGRAFIA</subfield>
  </datafield>
</record>
